000
00279nam a22001217a 4500
082
_a
001
_b
ROB/G
100
_a
ROBINSON
245
_a
GEMS OF WORLD KNOWLEDGE
260
_a
BANGALORE
_b
1ST RANK PUBLICATION
_c
2005
300
_a
259
650
_a
GENERAL KNOWLEDGE
_z
INDIA
942
_c
BK
999
_c
1965
_d
1965